000 00630cam a2200181 a 4500
001 000002898
005 20250522113543.0
008 760923s1941 mx b 001 pbspa
040 _aDO-SdBNP
_bspa
_cBNPHU
082 _a861.608
_bD668a
245 0 0 _aAntología de la poesía española contemporánea (1900-1936) /
_cprólogo, Juan José Domenchina.
260 _aMéxico, :
_bAtlante,
_c1941.
300 _a454, [2] p. ;
_c23 cm.
650 4 _aPoesía española
_xColecciones
_93395
650 4 _aPoesía española
_xBibliografía
_99205
650 0 _aAntologías
_98656
700 1 _aDomenchina, Juan José,
_d1898-1959,
_epról.
_99206
999 _c2732
_d2732